Rock Bands - Statistics

General Stats
  • This quiz has been taken 252 times
    211 since last reset
  • The average score is 36 of 78
Answer Stats
Song Artist % Correct
Bohemian Rhapsody Queen
99%
Smells Like Teen Spirit Nirvana
98%
Hey Jude The Beatles
98%
Stairway to Heaven Led Zeppelin
96%
Dream On Aerosmith
94%
Hotel California Eagles
94%
(I Can't Get No) Satisfaction The Rolling Stones
93%
Highway to Hell AC/DC
92%
Iron Man Black Sabbath
90%
Comfortably Numb Pink Floyd
87%
Baba O'Riley The Who
80%
Roxanne The Police
78%
Purple Haze The Jimi Hendrix Experience
77%
More Than a Feeling Boston
76%
Hot for Teacher Van Halen
76%
Anarchy in the UK Sex Pistols
75%
Black Hole Sun Soundgarden
75%
Space Oddity David Bowie
73%
Sultans of Swing Dire Straits
72%
Rock the Casbah The Clash
70%
Seven Nation Army The White Stripes
70%
Fortunate Son Creedence Clearwater Revival
69%
Free Bird Lynyrd Skynyrd
68%
Chop Suey! System of a Down
68%
Tom Sawyer Rush
66%
Barracuda Heart
63%
Everlong Foo Fighters
61%
Sharp Dressed Man ZZ Top
61%
(Don't Fear) the Reaper Blue Oyster Cult
57%
Killing in the Name Rage Against the Machine
57%
Man in the Box Alice in Chains
52%
Call Me Blondie
52%
White Room Cream
51%
Loser Beck
50%
Lola The Kinks
48%
Mr. Blue Sky Electric Light Orchestra
44%
Roundabout Yes
44%
White Rabbit Jefferson Airplane
43%
Aqualung Jethro Tull
43%
Come On Eileen Dexys Midnight Runners
42%
Sledgehammer Peter Gabriel
41%
Whip It Devo
40%
Self Esteem The Offspring
40%
Bullet With Butterfly Wings Smashing Pumpkins
39%
Walk Pantera
38%
Rock Lobster The B-52's
35%
Our House Madness
33%
Safety Dance Men Without Hats
33%
All Right Now Free
30%
Once in a Lifetime Talking Heads
30%
Just What I Needed The Cars
28%
Feel Like Makin' Love Bad Company
27%
She Drives Me Crazy Fine Young Cannibals
22%
Jane Says Jane's Addiction
22%
Holiday in Cambodia Dead Kennedys
21%
Life's Been Good Joe Walsh
20%
Schism Tool
20%
Silent Lucidity Queensryche
18%
Do It Again Steely Dan
18%
Pepper Butthole Surfers
16%
Lucky Man Emerson, Lake, & Palmer
16%
Monkey Gone to Heaven Pixies
16%
Firth of Fifth Genesis
15%
21st Century Schizoid Man King Crimson
15%
My Name is Mud Primus
13%
Peaches The Presidents of the United States of America
13%
Float On Modest Mouse
12%
Venus in Furs The Velvet Underground
12%
Bela Lugosi's Dead Bauhaus
11%
Bobby Brown Goes Down Frank Zappa
10%
Funk #49 James Gang
9%
Institutionalized Suicidal Tendencies
9%
She Don't Use Jelly The Flaming Lips
9%
Touch Me I'm Sick Mudhoney
8%
Europa (Earth's Cry Heaven's Smile) Santana
7%
Low Spark of High Heeled Boys Traffic
7%
Mister Class and Quality Gentle Giant
2%
Tahitian Moon Porno For Pyros
2%
No matching quizzes found
Score Distribution
Percent of People with Each Score
Percentile by Number Answered
Your Score History
You have not taken this quiz since the last reset